Isolation and characterization of mosquito larvicidal compounds from clerodendrum myricoides and vernonia namygdalene. (Record no. 15343)
[ view plain ]
| 000 -LEADER | |
|---|---|
| fixed length control field | 00711cam a22002052 4500 |
| 001 - CONTROL NUMBER | |
| control field | 0000004925 |
| 005 - DATE AND TIME OF LATEST TRANSACTION | |
| control field | 20151217161556.0 |
| 008 - FIXED-LENGTH DATA ELEMENTS--GENERAL INFORMATION | |
| fixed length control field | 070604s xx 000 0 eng d |
| 040 ## - CATALOGING SOURCE | |
| Original cataloging agency | KABU |
| Transcribing agency | KABU |
| 050 #0 - LIBRARY OF CONGRESS CALL NUMBER | |
| Classification number | RS164 |
| Item number | .K43 |
| 100 1# - MAIN ENTRY--PERSONAL NAME | |
| Personal name | Kebenei, Jepkemboi Sellah. |
| -- | 0000160079 |
| 245 10 - TITLE STATEMENT | |
| Title | Isolation and characterization of mosquito larvicidal compounds from clerodendrum myricoides and vernonia namygdalene. |
| 300 ## - PHYSICAL DESCRIPTION | |
| Extent | xi, 53 leaves. |
| 502 ## - DISSERTATION NOTE | |
| Dissertation note | Thesis (Master of Philosophy) - Moi University, 2003. |
| 650 #0 - SUBJECT ADDED ENTRY--TOPICAL TERM | |
| Topical term or geographic name as entry element | Plant drug. |
| -- | 0000160080 |
| 650 #0 - SUBJECT ADDED ENTRY--TOPICAL TERM | |
| Topical term or geographic name as entry element | Medicinal drug. |
| -- | 0000160081 |
| 908 ## - PUT COMMAND PARAMETER (RLIN) | |
| Put command parameter | 070604 |
| 950 ## - LOCAL HOLDINGS (RLIN) | |
| -- | 1 |
| Withdrawn status | Lost status | Source of classification or shelving scheme | Not for loan | Home library | Current library | Date acquired | Total Checkouts | Full call number | Barcode | Date last seen | Price effective from | Koha item type |
|---|---|---|---|---|---|---|---|---|---|---|---|---|
| Library of Congress Classification | Kabarak, Main Campus | Kabarak, Main Campus | 17/12/2015 | RS164 .K43 | 004322 | 17/12/2015 | 17/12/2015 | Thesis, Dissertation and Projecs |